Ungedruckte berichte und tagebücher zur geschichte des Concils von Trient / (Record no. 52936)

MARC details
000 -LEADER
campo de control de longitud fija 00677nam a22001935i 4500
001 - NÚMERO DE CONTROL
campo de control 52936
003 - IDENTIFICADOR DE NÚMERO DE CONTROL
campo de control ES-MaACL
005 - FECHA Y HORA DE LA ÚLTIMA TRANSACCIÓN
campo de control 20250928115822.0
007 - CAMPO FIJO DE DESCRIPCIÓN FÍSICA--INFORMACIÓN GENERAL
campo de control de longitud fija t|
008 - DATOS DE LONGITUD FIJA--INFORMACIÓN GENERAL
campo de control de longitud fija 950905s1876 gw ||||1| ita d
040 ## - FUENTE DE CATALOGACIÓN
Centro catalogador/agencia de origen CAM
Lengua de catalogación spa
Centro/agencia transcriptor CAM
111 2# - ENTRADA PRINCIPAL--NOMBRE DE CONGRESO/REUNIÓN
Nombre de congreso/reunión o jurisdicción como elemento de entrada Concilio de Trento
Fecha del congreso o de la firma del tratado (1545-1563)
9 (RLIN) 135069
245 10 - MENCIÓN DEL TÍTULO
Título Ungedruckte berichte und tagebücher zur geschichte des Concils von Trient /
Mención de responsabilidad, etc. herausgegeben von J. v. Döllinger.
260 ## - PUBLICACIÓN, DISTRIBUCIÓN, ETC.
Lugar de publicación, distribución, etc. Nördlingen :
Nombre del editor, distribuidor, etc. druck and verlag der C.H. Beck'Schen Buchhandlung,
Fecha de publicación, distribución, etc. 1876.
300 ## - DESCRIPCIÓN FÍSICA
Extensión XXVII, 326 p. ;
Dimensiones 24 cm.
700 1# - ENTRADA AGREGADA--NOMBRE PERSONAL
Nombre de persona Döllinger, Ignaz von,
Fechas asociadas al nombre 1799-1890
9 (RLIN) 166933
852 ## - LOCALIZACIÓN
Ubicación ES-MaACL
Número de control de estantería G-2540-1
Holdings
Estatus retirado Estado de pérdida Estado de daño No para préstamo Colección Biblioteca de origen Biblioteca actual Ubicación en estantería Fecha de adquisición Fuente de adquisición Total de préstamos Signatura topográfica completa Código de barras Visto por última vez Precio de reemplazo Tipo de ítem Koha
        Libros del s. XIX Biblioteca del Ateneo de Madrid Biblioteca del Ateneo de Madrid Depósito 2 17/01/2008     G-2540-1 1055630 23/02/2023 23/02/2023 Libro impreso antiguo